Trvalo udržateľné zmeny vo funkcii manažmentu kontrolovanie spôsobené pandémiou Covid-19 diplomová práca

Guardado en:
Detalles Bibliográficos
Autor principal: Matusek, Richard
Autor Corporativo: Fakulta podnikového manažmentu EU. Katedra manažmentu
Otros Autores: Mišún, Juraj, 1978-
Formato: Libro
Lenguaje:eslovaco
Publicado: Bratislava 2024
Etiquetas: Agregar Etiqueta
Sin Etiquetas, Sea el primero en etiquetar este registro!

MARC

LEADER 00000nbm a2200000 4500
001 0300958
005 20250211115246.3
041 0 |a slo 
044 |a SK 
245 1 0 |a Trvalo udržateľné zmeny vo funkcii manažmentu kontrolovanie spôsobené pandémiou Covid-19  |b diplomová práca  |c Richard Matusek ; školiteľ: Juraj Mišún 
264 1 |a Bratislava  |c 2024 
300 |a 89 s. 
100 1 |a Matusek, Richard 
700 1 |a Mišún, Juraj, 1978- 
710 2 |a Fakulta podnikového manažmentu EU. Katedra manažmentu